000 01676cam a22004454i 4500
003 PE-LiUPU
005 20250731173302.0
008 150625s2004 sp a r 000 0 spa d
020 _a8479145048
035 _a(Sirsi) i9788479145040
040 _aPE-LiUPU
_bspa
_cPE-LiUPU
_erda
049 _aPRUA
082 0 4 _a229.8
_bS212004
_221
100 1 _aSantos Otero, Aurelio de,
_eautor.
245 1 4 _aLos evangelios apócrifos :
_bcolección de textos griegos y latinos /
_cversión crítica, estudios introductorios, comentarios e ilustraciones por Aurelio de Santos Otero.
264 1 _aMadrid :
_bBiblioteca de Autores Cristianos,
_c2004.
300 _a415 páginas :
_bilustraciones, cuadros, gráficos ;
_c21 centímetros
336 _atext
_2rdacontent
337 _aunmediated
_2rdamedia
338 _avolume
_2rdacarrier
490 1 _aBiblioteca de Autores Cristianos. Estudios y Ensayos. Teología ;
_v22
526 _aSEG42
526 _aSEG41
526 _aSEG40
526 _aSEG39
526 _aP94
526 _aP87
526 _aP86
526 _aP85
526 _aP77
526 _aP76
526 _aP35
541 _g007-0003333;
650 0 4 _aEvangelios apócrifos.
942 _2ddc
_cBOOK
949 _a229.8 S21 2004
_wDEWEY
_c1
_i55485
_lCCODEBUL1
_mBUL
_p33.00
_r0
_sY
_tBOOK
_u2015-6-25
_xTEOLOGIA
_zUNKNOWN
_0COMPRA
_o.STAFF. Colección Teología
994 _aC0
_bPEPRU
596 _a1
999 _a229.8 S21 2004
_wDEWEY
_c44380
_i55485
_d44380
_e2019-5-20
_f2021-11-9
_g5
_lCCODEBUL1
_mBUL
_n6
_p33.00
_q1
_r0
_sY
_tBOOK
_u2015-6-25
_xTEOLOGIA
_PP35
_0COMPRA
_o.STAFF. Colección Teología
980 _81
_gALBERTO SANCHEZ Responsable de Automatización